书目信息 |
| 题名: |
民族问题概论
|
|
| 作者: | 吴仕民 主编 | |
| 分册: | ||
| 出版信息: | 成都 四川人民出版社 1999.07 |
|
| 页数: | 422页 | |
| 开本: | 32开 | |
| 丛书名: | ||
| 单 册: | ||
| 中图分类: | D693.72 | |
| 科图分类: | ||
| 主题词: | 政治--中国 | |
| 电子资源: | ||
| ISBN: | 7-220-03563-2 | |
| 000 | 00545nam0 2200193 45 | |
| 001 | 0008091701 | |
| 005 | 20000809170229.0 | |
| 010 | @a7-220-03563-2@d19.80元 | |
| 100 | @a20000809d1999 km y0chiy0120 ea | |
| 101 | 0 | @achi |
| 105 | @a z 000yy | |
| 200 | 1 | @a民族问题概论@AMin Zu Wen Ti Gai Lun@f吴仕民主编@FWu Shi Min Zhu Bian |
| 210 | @a成都@c四川人民出版社@d1999.07 | |
| 215 | @a422页@d32开 | |
| 606 | 0 | @a政治@x中国 |
| 690 | @aD693.72@v3 | |
| 701 | 0 | @a吴仕民@4主编 |
| 801 | @aCN@bPftUser@c20000809 | |
| 905 | @b101199-203@dD693.72@eW539@f5 | |
| 民族问题概论/吴仕民主编.-成都:四川人民出版社,1999.07 |
| 422页;32开 |
| ISBN 7-220-03563-2:19.80元 |
| ● |
| 相关链接 |
|
|
|
正题名:民族问题概论
索取号:D693.72/W539
 
预约/预借
| 序号 | 登录号 | 条形码 | 馆藏地/架位号 | 状态 | 备注 |
| 1 | 101199 | 201011993 | 社科库509/509社科库 77排7列2层/ [索取号:D693.72/W539] | 在馆 | |
| 2 | 101200 | 201012000 | 社科库509/509社科库 77排7列2层/ [索取号:D693.72/W539] | 在馆 | |
| 3 | 101201 | 201012019 | 社科库509/509社科库 77排7列2层/ [索取号:D693.72/W539] | 在馆 | |
| 4 | 101202 | 201012028 | 社科库509/422社科库 41排1列4层/ [索取号:D693.72/W539] | 在馆 | |
| 5 | 101203 | 201012037 | 社科库509/509社科库 77排7列2层/ [索取号:D693.72/W539] | 在馆 |